Formula One: Drivers with the Best Win Percentage Against Teammate - Statistics

General Stats
  • This quiz has been taken 529 times
  • The average score is 24 of 48
Answer Stats
Percentage Driver Country Active Years % Correct
90% Ayrton Senna Brazil 1984-1994
99%
89% Sebastian Vettel Germany 2007-
98%
80% Lewis Hamilton United Kingdom 2007-
95%
79% Michael Schumacher Germany 1991-2006, 2010-2012
93%
80% Fernando Alonso Spain 2001, 2003-
92%
77% Alain Prost France 1980-1991, 1993
90%
80% Mika Häkkinen Finland 1991-2001
89%
71% Keke Rosberg Finland 1978-1986
83%
64% Nico Rosberg Germany 2006-2016
83%
83% Jody Scheckter South Africa 1972-1980
81%
57% Kimi Räikkönen Finland 2001-2009, 2012-
81%
75% Nelson Piquet Brazil 1978-1991
80%
60% Niki Lauda Austria 1971-1979, 1982-1985
73%
83% Alan Jones Australia 1975-1981, 1983, 1985-1986
71%
60% Jacques Villeneuve Canada 1996-2006
70%
65% Jenson Button United Kingdom 2000-2017
68%
53% Rubens Barrichello Brazil 1993-2011
68%
67% Emerson Fittipaldi Brazil 1970-1980
64%
71% Giancarlo Fisichella Italy 1996-2009
64%
53% Riccardo Patrese Italy 1977-1993
64%
67% Vitaly Petrov Russia 2010-2012
60%
63% Damon Hill United Kingdom 1992-1999
59%
69% Jean Alesi France 1989-2001
59%
60% Romain Grosjean France 2009, 2012-
57%
60% Ronnie Peterson Sweden 1970-1978
57%
57% Carlos Reutemann Argentina 1972-1982
51%
70% Heinz-Harald Frentzen Germany 1994-2003
48%
64% Nick Heidfeld Germany 2000-2011
46%
67% Sebastian Buemi Switzerland 2009-2011
41%
55% Thierry Boutsen Belgium 1983-1993
40%
71% Elio de Angelis Italy 1979-1986
34%
63% Jacques Laffite France 1974-1986
31%
73% Andrea de Cesaris Italy 1980-1994
30%
60% Stefan Johansson Sweden 1980, 1983-1991
30%
67% Carlos Pace Brazil 1972-1977
29%
75% Vitantonio Liuzzi Italy 2005-2007, 2009-2011
29%
71% John Watson United Kingdom 1973-1983, 1985
27%
60% Ivan Capelli Italy 1985-1993
17%
64% Derek Warwick United Kingdom 1980-1991, 1993
15%
86% Pierluigi Martini Italy 1984-1985, 1988-1995
15%
67% Hans-Joachim Stuck Germany 1974-1979
11%
60% Vittorio Brambilla Italy 1974-1980
11%
67% Jonathan Palmer United Kingdom 1983-1989
8%
67% Tom Pryce United Kingdom 1974-1977
8%
67% Christian Danner Germany 1985-1987, 1989
6%
67% Alex Caffi Italy 1986-1991
5%
75% Gabriele Tarquini Italy 1987-1992, 1995
3%
67% Yannick Dalmas France 1987-1990, 1994
2%
No matching quizzes found
Score Distribution
Percent of People with Each Score
Percentile by Number Answered
Your Score History
You have not taken this quiz